000 00308 a2200157 4500
001 58013
020 _a
040 _cAnchieta - Pituba
100 _aKarlfeldt, Erik Axel
240 1 0 _aPoesias
_lpor
245 1 0 _aPoesias
300 _a240
362 0 _a1971
650 4 _aLiteratura sueca
942 _cBK
999 _c58013
_d58013